| Tag |
First Indicator |
Second Indicator |
Subfields |
| LEADER |
00000cam a2200000 4500 |
| 001 |
in00000029313 |
| 005 |
20151007061452.0 |
| 008 |
750827s1963 nyua b 00000 eng |
| 010 |
|
|
|a 68018225
|
| 035 |
|
|
|a (OCoLC)01575306
|
| 035 |
|
|
|9 AAD2179AM
|
| 040 |
|
|
|a DLC
|c FBA
|d TXA
|d UtOrBLW
|
| 049 |
|
|
|a TXAM
|c [360695]
|
| 050 |
0 |
0 |
|a SB433.5
|b .B7
|
| 082 |
0 |
|
|a 635.967
|
| 092 |
|
|
|a 635.967
|b B857a, 1963
|
| 100 |
1 |
|
|a Brilmayer, Bernice.
|
| 245 |
1 |
0 |
|a All about miniature plants and gardens, indoors and out /
|c Sketches and landscape designs by Fritz Schaefer. Additional art work by Kathleen Bourke.
|
| 250 |
|
|
|a [1st ed.].
|
| 264 |
|
1 |
|a Garden City, N.Y. :
|b Doubleday,
|c 1963.
|
| 300 |
|
|
|a 319 pages :
|b illustrations (part color) ;
|c 23 cm.
|
| 336 |
|
|
|a text
|b txt
|2 rdacontent
|
| 337 |
|
|
|a unmediated
|b n
|2 rdamedia
|
| 338 |
|
|
|a volume
|b nc
|2 rdacarrier
|
| 504 |
|
|
|a Bibliography: pages [300]-301.
|
| 650 |
|
0 |
|a Miniature plants.
|
| 650 |
|
0 |
|a Gardens, Miniature.
|
| 999 |
|
|
|a MARS
|
| 999 |
f |
f |
|s f1afe824-3a22-358e-bca6-9cc6bef35880
|i b2809ea0-f259-323e-bee7-44b2e4ad90d4
|t 0
|
| 952 |
f |
f |
|p ric
|a Texas A&M University
|b Rellis Campus
|c Joint Library Facility
|d Remote Storage
|t 0
|e SB433.5 .B7
|h Library of Congress classification
|i unmediated -- volume
|m A14801086878
|
| 998 |
f |
f |
|a SB433.5 .B7
|t 0
|l Remote Storage
|